Accreditation for residential surveyors : opportunity knocks!! (sound recording). (Record no. 85404)

MARC details
000 -LEADER
fixed length control field 01369cam a2200313 4500
001 - CONTROL NUMBER
control field J105541
008 - FIXED-LENGTH DATA ELEMENTS--GENERAL INFORMATION
fixed length control field 000000n2000 000 0 eng u
035 ## - SYSTEM CONTROL NUMBER
System control number (Sirsi) u105541
050 ## - LIBRARY OF CONGRESS CALL NUMBER
Classification number 690.2
100 ## - MAIN ENTRY--PERSONAL NAME
Personal name Land, Howard
110 ## - MAIN ENTRY--CORPORATE NAME
Corporate name or jurisdiction name as entry element Royal Institution of Chartered Surveyors
9 (RLIN) 4900
245 ## - TITLE STATEMENT
Title Accreditation for residential surveyors : opportunity knocks!! (sound recording).
260 ## - PUBLICATION, DISTRIBUTION, ETC.
Place of publication, distribution, etc. London
Name of publisher, distributor, etc. RICS
Date of publication, distribution, etc. 2000
300 ## - PHYSICAL DESCRIPTION
Extent 1 sound cassette (60 min.)
350 ## - PRICE (NR) (BK AM CF MU VM SE) [OBSOLETE]
Price 14.10
490 ## - SERIES STATEMENT
Series statement Owlion Audio Programme
520 ## - SUMMARY, ETC.
Summary, etc. Standards of work carried out by residential surveyors have been put under the spotlight by the media. What the issues are and how to address them has led to the establishment of Surveyors and Valuers Accreditation (SAVA), which is designed to give the public renewed confidence, benchmark confidence and audit work quality. Additionally HM Government require accreditation for those undertaking the planned Home Condition reports.
650 ## - SUBJECT ADDED ENTRY--TOPICAL TERM
Topical term or geographic name entry element SAVA
650 ## - SUBJECT ADDED ENTRY--TOPICAL TERM
Topical term or geographic name entry element HOME CONDITION REPORTS
650 ## - SUBJECT ADDED ENTRY--TOPICAL TERM
Topical term or geographic name entry element BUILDING SURVEYS
650 ## - SUBJECT ADDED ENTRY--TOPICAL TERM
Topical term or geographic name entry element AUDIO CASSETTES
650 ## - SUBJECT ADDED ENTRY--TOPICAL TERM
Topical term or geographic name entry element SAVA
690 ## - LOCAL SUBJECT ADDED ENTRY--TOPICAL TERM (OCLC, RLIN)
Topical term or geographic name as entry element PROPERTY-RESIDENTIAL PROPERTY-RESIDENTIAL PROPERTY APPRAISAL AND VALUATION
700 ## - ADDED ENTRY--PERSONAL NAME
Personal name Balderstone, Tim
700 ## - ADDED ENTRY--PERSONAL NAME
Personal name Callaghan, Stephen
700 ## - ADDED ENTRY--PERSONAL NAME
Personal name Legrand, Christopher
710 ## - ADDED ENTRY--CORPORATE NAME
Corporate name or jurisdiction name as entry element College of Estate Management
9 (RLIN) 400
942 ## - ADDED ENTRY ELEMENTS (KOHA)
Suppress in OPAC 0
Holdings
Withdrawn status Lost status Source of classification or shelving scheme Damaged status Not for loan Home library Current library Shelving location Date acquired Total Checkouts Full call number Barcode Date last seen Date last checked out Copy number Price effective from Koha item type
    Dewey Decimal Classification     London London Basement 27/03/2003 1 SHELF 330 30067115 06/08/2019 15/07/2003 1 06/08/2019 Audio